Missing Word: June Days Quiz Stats

Quiz Updated Jun 3, 2016

Challenge
Share
Tweet
Embed
Score 0/30 Timer 05:00
0 Plays Today
Hint Answer % Correct
Corn on the _____ DayCob
95.7%
Hot Air _____ DayBalloon
95.6%
Ballpoint _____ DayPen
95.5%
_____ Your Vegetables DayEat
95.5%
Donald _____ DayDuck
95.4%
Garfield the _____ DayCat
95.2%
National Chocolate Ice _____ DayCream
95%
National Peanut _____ Cookie DayButter
93.4%
Pop Goes the _____ DayWeasel
93.2%
_____ Flamingo DayPink
93%
_____ Carta DayMagna
92.8%
Take Your Dog to _____ DayWork
92.6%
_____ Keller DayHelen
90.6%
Polar _____ Swim [Nome, Alaska]Bear
89.4%
National Rotisserie _____ DayChicken
85.5%
Hint Answer % Correct
_____ Boomers Recognition DayBaby
85.5%
Drive-In _____ DayMovie
83%
Repeat Day (_____ Day)Repeat
81.5%
National Fudge _____Day
77.9%
_____ Cabin DayLog
77%
National _____ Milkshake DayVanilla
76.3%
Upsy _____ DayDaisy
76.2%
Heimlich _____ DayManeuver
74.1%
Sewing _____ DayMachine
64.9%
National Onion _____ DayRings
64.8%
INTERNATIONAL CAPS _____ DAYLOCK
58%
_____ and Mixologist DayBartender
57.9%
_____ Maid's DayOld
45.6%
National Waffle _____ DayIron
32.6%
National _____ for Women DayOrganization
6%

Today's Daily Dose

You're not logged in!

Compare scores with friends on all Sporcle quizzes.
Join for Free
OR
Log In

You Might Also Like...

Show Comments

Extras

Top Quizzes Today


Score Distribution

Your Account Isn't Verified!

In order to create a playlist on Sporcle, you need to verify the email address you used during registration. Go to your Sporcle Settings to finish the process.

Report this User

Report this user for behavior that violates our Community Guidelines.

Details: